|
|
|
|
| LEADER |
00000cam a2200000 a 4500 |
| 001 |
vtls001221396 |
| 003 |
SK-MaSNL |
| 005 |
20260302065116.0 |
| 008 |
220422s1993 xo odl frn 10000 slo |
| 015 |
|
|
|a SNBA1997/0100033
|
| 020 |
|
|
|a 808522111X
|
| 035 |
|
|
|a SNK000166541
|
| 035 |
|
|
|a urn:nbn:sk:snk-am3ipja
|
| 035 |
|
|
|a 21CE8E0F-BD1F-418C-A0FC-EF59F2D60379
|
| 035 |
|
|
|a urn:nbn:sk:snk-am00gjn9
|
| 040 |
|
|
|a SNK
|b slo
|c SNK
|e AACR2
|
| 041 |
0 |
|
|a slo
|a cze
|
| 044 |
|
|
|a xo
|c SK
|
| 072 |
|
7 |
|a 523/524
|x Slnečná sústava Hviezdy. Vesmír
|2 konspekt
|
| 080 |
|
|
|a 523.9(082)
|2 1981
|
| 080 |
|
|
|a 523.9
|2 2011
|
| 080 |
|
|
|a (062.534)
|2 2011
|
| 111 |
2 |
|
|a Celoštátny slnečný seminár
|n (11. :
|d 1992 :
|c Donovaly, Slovensko)
|4 aut
|9 62841
|
| 245 |
1 |
0 |
|a 11. celoštátny slnečný seminár - Donovaly 1992
|c [zostavil: B. Lukáč]
|
| 246 |
3 |
|
|a Jedenásty celoštátny slnečný seminár - Donovaly 1992
|
| 260 |
|
|
|a Hurbanovo
|b Slovenská ústredná hvezdáreň
|c 1993
|
| 300 |
|
|
|a 151 strán
|b fotografie, grafy, tabuľky
|c 30 cm
|
| 366 |
|
|
|e 200 kusov
|
| 504 |
|
|
|a Obsahuje bibliografiu
|
| 546 |
|
|
|a Text čiastočne česky
|
| 651 |
|
7 |
|a Slnko (hviezda)
|2 SNKPHgeo
|9 56746
|
| 655 |
|
7 |
|a zborníky konferencií
|2 SNKPH
|9 70153
|
| 700 |
1 |
|
|a Lukáč, Bohuslav,
|d 1943-2009
|4 com
|9 105673
|
| 919 |
|
|
|a 80-85221-11-X
|
| 958 |
|
|
|a OND
|
| 958 |
|
|
|a ART
|
| 958 |
|
|
|a NB
|
| 999 |
|
|
|c 1140539
|d 1142469
|
| 952 |
|
|
|t P60, <09>, [BOOK], {629}
|a SNK
|b SNK
|y NEVYP
|7 0
|o snkB 1060
|i snk3517/961022
|0 0
|1 0
|4 0
|d 1996-10-08
|l 0
|r 2005-01-01 00:00:00
|w 2026-02-24
|
| 952 |
|
|
|t P60, <03>, [BOOK], {603}
|a SNK
|b SNK
|y PREZ
|7 0
|p 17A0013768
|o snkSB 55992
|i snkKSP 8650/96
|0 0
|1 0
|4 0
|d 1996-10-15
|f 1
|l 0
|r 2025-04-02 00:00:00
|w 2026-02-24
|
| 952 |
|
|
|t P60, <04>, [BOOK], {604}
|a SNK
|b SNK
|y VYP
|7 0
|p 17A0013767
|o snkSB 55992 D1
|i snkKSP 8651/96
|0 0
|1 0
|4 0
|d 1996-10-15
|l 0
|r 2005-01-01 00:00:00
|w 2026-02-24
|